000 00446nam a2200157 i 4500
001 104728
003 ES-MaACL
005 20230906183656.0
007 t|
008 051212s1971 sp ||||1| cat d
100 1 _aMiracle, José.
_981470
245 1 0 _aJosep María Folch i Torres /
_cJosé Miracle.
260 _aTarrega :
_bCamps Calmet,
_c1971.
300 _a437 p., lám. I-XXIV :
_bil. ;
_c22 cm.
852 _aES-MaACL
_jC-46819
_bR.77146
999 _c104728
_d104728